Регионална библиотека "Любен Каравелов" - Русе

Замир (Запис номер 505698)

MARC детайли
000 -Лидер
Контролно поле с фиксирана дължина 01186nam a2200289 c 4500
003 - Код на организацията, давaща контролен номер
Контролно поле BLK
005 - Дата и час на последна редакция
Контролно поле 20240313095735.0
008 - Елементи от данни с фиксирана дължина
fixed length control field 180410b bul|||||r ||||||| ||bul||
020 ## - Международен стандартен номер на книга ISBN
Международен стандартен номер на книга ISBN 9789543987931
040 ## - Източник на каталожния запис
Идентификатор на билиотеката - собственик на записа BLK
041 ## - Код за език
Код за езика на текст/звукозапис или на отделно заглавие Български
Код за езика КДБФ Български
080 ## - УДК
Текстов определител УДК Турска литература
УДК код - определител по УДК 821.512.161
УДК определител -31
УДК - код + определител 821.512.161-31
100 1# - Редна дума - Автор
Автор Гюндай, Хакан
Авторска отговорност първи автор
R(LIN) 57660
139 ## - Редно поле
Редна дума Гюндай, Хакан
Авторски знак Гю - Г 98
245 10 - Сведения за заглавието
Заглавие Замир
Подзаглавни данни Роман
Редно поле (дума) Хакан Гюндай; прев. от тур. Елен Иванова
257 ## - Страна на издаване
Страна на създаване/издаване Турция
260 ## - Област на издателските данни
Име на издателя, разпространителя и проч. Труд
Година на издаване 2023
9 (RLIN) 209481
Място на издаване, разпространение и проч. София
Издателство - префикс ISBN 978-954-398- ; 978-954-528-
300 ## - Физическа характеристика
Страници 357 с.
Размери/Мащаб 21 см
380 ## - Жанр
Жанр Худож. лит.
500 ## - Общи забележки
Забележка Ориг. загл.: Zamir / Hakan Günday<br/>Възприетата форма на името на прев. Елен Иванова е Елен Димитрова Кирчева<br/>Биогр. данни за авт. отбелязани на гърба на кор.
700 ## - Други автори (авторска отговорност)
Лично име Кирчева, Елен Димитрова
Автороска отговорност (Описва отношението между автора и произведението) прев. от тур.
9 (RLIN) 443029
852 ## - Местоположение
Форматна сигнатура Цб 322087
856 4# - Електронен адрес и достъп
Електронен формат pdf - файл
856 4# - Електронен адрес и достъп
Електронен формат pdf - файл
942 ## - АРТИКУЛИ
Вид на библиотечния материал Книги
Скрит в OPAC Не
999 ## - СИСТЕМНИ КОНТРОЛНИ НОМЕРА
Koha biblionumber 505698
Koha biblioitemnumber 505698
999 ## - СИСТЕМНИ КОНТРОЛНИ НОМЕРА
Koha biblioitemnumber 145389
944 ## - СЪЗДАВАНЕ И РЕДАКЦИЯ на ЗАПИСА
Създаване/Редакция
Дата на регистрацията/редакция Нора Радева
Служител, извършил регистрацията/редакцията 30545
Статус, дата на статуса Нора Радева
Наличности
Код за отписване Код за изгубен артикул Източник на класификационната схема Код за повреда Коз за рестрикции Код за отдаване Артикулен № Име на библиотеката - собственик Име на библиотеката, в която се намира в момента Статус (Текущо местоположение) Дата на вписване в системата Местоположение - отдел Цена в лева Инвентарен номер Систематично азбучна сигнатура Баркод Цена в евро Служебен тип на артикула
  Не е изгубен Universal Decimal Classification Не е повреден само за читалня ползва се в читалня 941162 Регионална библиотека "Любен Каравелов" Русе Регионална библиотека "Любен Каравелов" Русе Хранилище 2024-03-14 Хранилище 20.00 120000900190 Цб 322087 120000900190 10.23 Книги
Vip Innovations Ltd, Rousse, Bulgaria 2025